000 00478nam a22001577a 4500
003 macl
005 20190922125900.0
008 190922b xxu||||| |||| 00| 0 eng d
040 _cmacl
082 _a920MIS
100 _aसक्‍सेना ,सुधीर
_973580
245 _aकिरच -किरच यकीन
260 _aदि'ल्‍ली
_bलोकमित्र प्रकाशन
_c2018
650 _aकविता
_976755
942 _2ddc
_cHIN
999 _c61073
_d61073